| 000 | 00561nam a2200205 u 4500 | ||
|---|---|---|---|
| 005 | 20240806064013.0 | ||
| 008 | 071010s2006 mx r 000 0 spa d | ||
| 020 | _a8497862937 | ||
| 035 | _aUPN01000152809 | ||
| 049 | _aCG | ||
| 050 | 4 |
_aPR5321 A2 _bP5 |
|
| 100 | 1 |
_aScott, Walter, _cSir, _d1771-1832 _928953 |
|
| 245 | 1 | 3 |
_aEl pirata / _cWalter Scott. |
| 260 |
_aMadrid : _bPerymat Libros, _c2006. |
||
| 300 |
_a186 p. : _bil. |
||
| 440 | 3 | _aLa punta del iceberg | |
| 650 | 0 |
_aPiratas _vNovela _94090 |
|
| 650 | 4 |
_aLiteratura inglesa _95228 |
|
| 905 | _aLibro | ||
| 999 |
_c124932 _d124932 |
||